[Event "NOR-chT Clubs"]
[Site "Drammen"]
[Date "2022.05.26"]
[Round "2"]
[White "Olsen, Geir Ove"]
[Black "Nyland, Ingeborg Marie"]
[Result "1-0"]
[WhiteElo "1529"]
[BlackElo "1415"]
[PlyCount "83"]
[EventDate "2022.05.26"]
[EventType "team-swiss"]
[EventRounds "6"]
[EventCountry "NOR"]
[SourceTitle "EXT 2024"]
[Source "ChessBase"]
[SourceDate "2023.10.10"]
[SourceVersion "1"]
[SourceVersionDate "2023.10.10"]
[SourceQuality "1"]
[WhiteTeam "Haugaland II"]
[BlackTeam "Offerspill (Women)"]
[WhiteTeamCountry "NOR"]
[BlackTeamCountry "NOR"]

1. d4 Nf6 2. Nc3 g6 3. e4 d6 4. Bf4 Bg7 5. Qd2 Nbd7 6. 0-0-0 c5 7. e5 Nh5 8. Nf3 Nxf4 9. Qxf4 0-0 10. exd6 cxd4 11. dxe7 Qxe7 12. Nxd4 Nf6 13. Be2 Be6 14. Nxe6 fxe6 15. Qa4 a6 16. Rhe1 Rad8 17. Bd3 Nd5 18. Nxd5 Rxd5 19. Qe4 Re5 20. Qg4 Rxf2 21. Rxe5 Bxe5 22. Bc4 Rf5 23. Re1 Kg7 24. Qe4 Qb4 25. c3 Qb6 26. g4 Bf4+ 27. Kc2 Rf6 28. Re2 Qc7 29. h4 e5 30. Qd5 Rd6 31. Qg8+ Kh6 32. Qf8+ Qg7 33. Qxd6 Bg3 34. g5+ Kh5 35. Qd1 Kxh4 36. Re4+ Bf4 37. Qh1+ Kxg5 38. Be6 Qe7 39. Qg2+ Kf6 40. Bc4 Qd7 41. Bd3 Qa4+ 42. Rxa4 1-0

[Event "Molde CC-ch"]
[Site "Molde"]
[Date "2008.11.13"]
[Round "6"]
[White "Nyland, Ingeborg Marie"]
[Black "Isachsen, Harald"]
[Result "0-1"]
[WhiteElo "1046"]
[BlackElo "1547"]
[PlyCount "80"]
[EventDate "2008.09.04"]
[EventType "swiss"]
[EventRounds "6"]
[EventCountry "NOR"]
[SourceTitle "EXT 2024"]
[Source "ChessBase"]
[SourceDate "2023.10.10"]
[SourceVersion "1"]
[SourceVersionDate "2023.10.10"]
[SourceQuality "1"]

1. e4 e5 2. Nf3 Nc6 3. Nc3 Nf6 4. Bc4 Bc5 5. h3 d6 6. d3 Be6 7. Bxe6 fxe6 8. Bg5 Qe7 9. Na4 Bb6 10. Nxb6 axb6 11. 0-0 h6 12. Bh4 g5 13. Bg3 Qg7 14. Nh2 h5 15. f3 Rg8 16. Be1 Kd7 17. c3 Rae8 18. d4 exd4 19. cxd4 g4 20. fxg4 hxg4 21. Rxf6 Qxf6 22. Nxg4 Rxg4 23. hxg4 Qxd4+ 24. Qxd4 Nxd4 25. Bd2 e5 26. Rf1 Re7 27. Rf6 Rg7 28. g5 Ne6 29. Rf5 Nc5 30. Be3 Nxe4 31. g4 Ke6 32. Kg2 d5 33. Kf3 Nd6 34. Rf6+ Ke7 35. Rh6 Ne4 36. g6 Kf6 37. g5+ Nxg5+ 38. Bxg5+ Kxg5 39. Rh7 Kxg6 40. Rxg7+ Kxg7 0-1